Catalog

Record Details

Catalog Search



Biblical revelation - the foundation of Christian theology  Cover Image Book Book

Biblical revelation - the foundation of Christian theology / by Clark H. Pinnock

Pinnock, Clark H. (Author).

Record details

  • ISBN: 0-8024-0711-0
  • Physical Description: 256 p.
  • Edition: 1st ed.
  • Publisher: Chicago Moody Press 1976

Available copies

  • 1 of 1 copy available at Common Catalog SPOK.

Holds

  • 0 current holds with 1 total copy.
Show All Copies
Location Call Number / Copy Notes Barcode Shelving Location Status Due Date
ETS Library 220.1 424470001458 Volný výběr Available -

LDR 00684nam a2 00241
00138478
003CZ-PrJAB
00520030324000000.0
008030324s1976 xxu e |||| |eng
009us
020 . ‡a0-8024-0711-0
035 . ‡a(CONS)854
035 . ‡aKPS1132
041 . ‡aeng
08214. ‡a220.1
100 . ‡7857 ‡aPinnock, Clark H.
245 . ‡aBiblical revelation - the foundation of Christian theology / ‡cby Clark H. Pinnock
250 . ‡a1st ed.
260 . ‡aChicago ‡bMoody Press ‡c1976
300 . ‡a256 p.
653 . ‡aBiblical revelation - the foundation of Christian theology
8524 . ‡bETS ‡bETS ‡cVolný výběr ‡j220.1 ‡gA ‡p424470001458
910 . ‡aABG450
999 . ‡a854 ‡bAUTOGEN ‡c854 ‡tbiblio
905 . ‡uadmin
901 . ‡a38478 ‡b ‡c38478 ‡tbiblio ‡sets

Additional Resources